| Record ID | ia:musiciansofbreme00susa |
| Source | Internet Archive |
| Download MARC XML | https://archive.org/download/musiciansofbreme00susa/musiciansofbreme00susa_marc.xml |
| Download MARC binary | https://www.archive.org/download/musiciansofbreme00susa/musiciansofbreme00susa_meta.mrc |
LEADER: 02424cam 2200709Ia 4500
001 ocn213821247
003 OCoLC
005 20160209161050.0
008 080324s2007 enka b 000 1 eng d
040 $aIG$$beng$cIG$$dBTCTA$dUKM$dSINLB$dRV8$dOCLCQ$dUKMGB$dOCLCQ$dBDX$dOCLCA$dOCLCQ$dOCLCO
015 $aGBA753647$2bnb
016 7 $a013789552$2Uk
019 $a155683317$a613243007
020 $a9780794519117
020 $a0794519113
020 $a9780746085431$q(hbk.)
020 $a0746085435$q(hbk.)
020 $a9781409517726
020 $a1409517721
035 $a(OCoLC)213821247$z(OCoLC)155683317$z(OCoLC)613243007
043 $ae-gw---
050 4 $aPZ8.D1964$bMus 2007
082 04 $a398.2$222
082 14 $a398.2$214
100 1 $aDavidson, Susanna.
245 14 $aThe musicians of Bremen /$cbased on a story by the Brothers Grimm ; retold by Susanna Davidson ; illustrated by Mike and Carl Gordon.
260 $aLondon ;$aTulsa, Okla. :$bUsborne,$c2007.
300 $a48 pages :$bcolor illustrations ;$c21 cm.
336 $atext$btxt$2rdacontent
337 $aunmediated$bn$2rdamedia
338 $avolume$bnc$2rdacarrier
490 1 $aUsborne first reading. Level three
520 $aWhile on their way to Bremen, four aging animals who are no longer of any use to their masters find a new home after outwitting a gang of robbers.
650 0 $aTales$zGermany.
650 1 $aFairy tales.
650 1 $aFolklore$zGermany.
655 0 $aChildren's stories.
700 1 $aGrimm, Jacob,$d1785-1863.
700 1 $aGrimm, Wilhelm,$d1786-1859.
700 1 $aGordon, Mike,$d1948 March 16-
700 1 $aGordon, Carl,$d1972-
730 0 $aBremen town musicians.$lEnglish.
830 0 $aUsborne first reading.$nLevel three.
938 $aBrodart$bBROD$n08018456$c$6.99
938 $aBaker and Taylor$bBTCP$nbl2008003012
029 1 $aAU@$b000042151067
029 1 $aCBK$b108955508
029 1 $aNOK$b0746085435
029 1 $aNZ1$b11525263
029 1 $aUKBCI$b108955508
029 1 $aUKBNS$b108955508
029 1 $aUKBOR$b108955508
029 1 $aUKDEL$b108955508
029 1 $aUKDOR$b108955508
029 1 $aUKPMH$b0746085435
029 1 $aUKPMH$b108955508
029 1 $aUKSCO$b108955508
029 1 $aUKSGC$b108955508
029 1 $aUKSOM$b108955508
029 1 $aUNITY$b108955508
994 $aZ0$bPMR
948 $hNO HOLDINGS IN PMR - 145 OTHER HOLDINGS